Les meilleurs joueurs américains dans ces sports. - Statistiques

Statistiques générales
  • Ce quiz a été pris 66 fois
  • Le résultat moyen est 7 sur 13
Statistiques - réponses
Sports Années de carrière Joueurs % Correct
Basket-ball 1984-2003 Michael Jordan
98%
Golf 1997- Tiger Woods
89%
Natation 2000-2016 Michael Phelps
84%
Boxe 1960-1981 Mohamed Ali
83%
Football américain 2000-2022 Tom Brady
61%
Tennis 1988-2002 Pete Sampras
58%
Catch 1999- John Cena
56%
MMA 2008-2025 Jon Jones
41%
100m 2001- Tyson Gay
36%
Football 2004-2018 Clint Dempsey
31%
Cyclisme 1981-1994 Greg LeMond
27%
Baseball 1914-1935 Babe Ruth
16%
Hockey sur glace 1989-2011 Michael Modano
2%
Aucun quiz correspondant
Distribution des résultats
% des personnes avec chaque résultat
Percentile par nombre de réponses
Votre historique - résultats
Vous n’avez pas pris ce quiz